000
00320nam a2200121Ia 4500
008
220216s9999 xx 000 0 und d
100
_a
Whitlock K H
245
0
_a
Recent developments in the use of neoprene for wire and cable
260
_b
IRI Transactions
_c
1961
300
_a
78-84
650
_a
Neoprene
942
_c
JS
999
_c
66468
_d
66468